[Event "66th HUN-ch Women 2018"]
[Site "Budapest"]
[Date "2018.12.10"]
[Round "8"]
[White "Terbe, Julianna"]
[Black "Gaal, Zsoka"]
[Result "1-0"]
[WhiteElo "2272"]
[BlackElo "2020"]
[Annotator "TA"]
[PlyCount "79"]
[EventDate "2018.12.03"]
[EventType "tourn"]
[EventCountry "HUN"]
[SourceTitle "playchess.com"]
[Source "ChessBase"]
[SourceQuality "1"]

{[%evp 21,79,37,48,45,42,43,51,44,55,20,43,-58,-56,-49,-4,0,0,0,0,25,6,16,-5,-8,81,106,89,88,156,157,158,160,239,225,214,224,273,273,734,709,664,661,772,736,1268,1217,954,703,1419,1336,29992,29993,29993,29993,29993,29993,29994,29994,29998,29998]} 1. d4 Nf6 2. Nf3 g6 3. Bf4 Bg7 4. e3 O-O 5. Be2 d6 6. h3 Nfd7 7. O-O e5 8. Bh2 Nc6 9. c3 {[%cal Bc2c3,Bc3c4,Bc4c5][%mdl 32] A48: 1 d4 Nf6 2 Nf3 g6: Torre, London and Colle Systems} e4 (9... f5 10. a4 Qe7 11. Na3 Nd8 12. dxe5 Nxe5 13. Nc4 Nxf3+ 14. Bxf3 Nf7 {½-½ (23) Tomashevsky,E (2711)-Salem,A (2656) Sharjah 2017}) 10. Nfd2 f5 11. b4 Nf6 {LiveBook: 3 Games} 12. Qb3+ Kh8 13. c4 Ne7 14. Nc3 g5 15. c5 $146 ({Predecessor:} 15. Rad1 Ng6 16. Nd5 c6 {0-1 (36) Ramal Mata,R (2091)-Fernandez Diaz,C (2353) Santa Eulalia de Roncana 2015}) 15... Ng6 16. Rac1 (16. Rad1 $14) 16... d5 $1 $15 17. f3 exf3 18. Nxf3 g4 19. hxg4 Nxg4 20. Nxd5 ({Reject} 20. Qxd5 Qe7 $17) 20... Be6 21. Bc4 $36 {[%mdl 2048] White has good play.} Bxd5 $1 22. Bxd5 Nxe3 (22... Bh6 $11) 23. Qxe3 $16 Qxd5 24. Bxc7 Qxa2 (24... Rae8 $142 25. Qf2 Re4) 25. Rfe1 Qd5 26. Rcd1 Qc6 {[#]} (26... Kg8 $16 27. Bd6 Rf7) 27. Bd6 $1 $18 {d5 is the strong threat.} Rfe8 28. Qb3 Rxe1+ 29. Rxe1 ({Less strong is} 29. Nxe1 Qe4 $14) 29... Qb5 $2 (29... Qd7 30. d5 Rg8) 30. Qf7 Rg8 31. Qxf5 Qxb4 {White should prevent ...Nh4.} 32. Re4 Qb1+ 33. Kh2 Qf1 34. Qh5 {And now Ng5 would win.} Qd1 35. Rg4 {White threatens Ng5 and mate.} Re8 36. Ng5 {[%csl Gg5][%cal Rh5h7] White mates.} Nf8 37. Nf7+ Kg8 38. Nh6+ {[%mdl 64] [#] Discovered Attack} Kh8 39. Qxe8 Bxh6 40. Be5+ {Accuracy: White = 82%, Black = 37%.} 1-0

[Event "66th HUN-ch Women 2018"]
[Site "Budapest"]
[Date "2018.12.10"]
[Round "8"]
[White "Gal, Hanna Krisztina"]
[Black "Varga, Klara"]
[Result "1/2-1/2"]
[WhiteElo "2189"]
[BlackElo "2242"]
[Annotator "TA"]
[PlyCount "104"]
[EventDate "2018.12.03"]
[EventType "tourn"]
[EventCountry "HUN"]
[SourceTitle "playchess.com"]
[Source "ChessBase"]
[SourceQuality "1"]

{[%evp 14,104,30,29,49,31,45,20,20,20,20,20,20,22,23,10,14,14,14,0,6,0,6,0,6,6,14,14,14,14,28,27,46,14,14,14,70,34,78,53,49,52,54,56,76,76,76,0,76,78,78,78,77,52,102,52,261,143,189,198,311,311,308,306,304,304,305,285,293,279,292,266,385,365,321,312,302,163,155,95,208,0,0,0,0,0,0,0,0,0,0,0,0]} 1. e4 e6 2. d4 d5 3. Nc3 Bb4 4. e5 b6 5. a3 Bxc3+ (5... Bf8 6. h4 Qd7 7. h5 h6 8. f4 Ne7 9. Nf3 Ba6 10. Bxa6 Nxa6 11. Be3 O-O-O 12. Qe2 Kb7 13. Bf2 Rc8 14. b4 {0-1 (61) Saric,I (2669)-Jussupow,A (2582) Katowice 2017}) 6. bxc3 {C16: French: 3 Nc3 Bb4 4 e5: Lines without ...c5} Ba6 7. Bxa6 Nxa6 8. Qg4 {LiveBook: 3 Games. White has an edge.} g6 9. h4 h5 10. Qd1 $146 ({Predecessor:} 10. Qg3 Nb8 11. Ne2 Nc6 12. Bg5 Qd7 13. O-O {0-1 (28) Dordevic,I (2060)-Drummond,M (2227) Queenstown 2012}) 10... Nb8 {[%cal Ba6b8,Bb8c6,Bc6a5,Ba5c4][%mdl 32]} 11. Bg5 Qd7 12. Nf3 Nc6 13. O-O Na5 14. Nd2 Ne7 15. Bf6 Rg8 16. Nb3 Nc4 17. a4 a5 $1 18. Nd2 Nxd2 19. Qxd2 Nf5 20. f3 Qc6 21. Kf2 Kd7 22. g4 Ne7 23. Qd3 Qc4 24. Rg1 c6 (24... Raf8 $11) 25. Rgb1 {And now Qxc4 would win.} Nc8 26. gxh5 Qxd3 27. cxd3 {Hoping for h6.} gxh5 28. c4 Ra6 29. Rb2 Ne7 30. Rab1 ({White should try} 30. Bxe7 $1 $16 Kxe7 31. Rab1) 30... Rb8 (30... Nf5 $11 {keeps the balance.}) 31. Bxe7 $16 Kxe7 {[%mdl 4096] Endgame KRR-KRR} 32. Ke3 Kd7 33. Rg2 Raa8 34. Rg5 c5 $2 (34... b5 $14) 35. Rxh5 ({Only move:} 35. cxd5 $18 {Black must now prevent Rg7.} exd5 36. Rxh5) 35... Kc6 36. Rh7 Rh8 (36... dxc4 $142 37. dxc4 cxd4+ 38. Kxd4 Rh8 39. Rxf7 Rxh4+ 40. f4 Rd8+ 41. Ke4 Rh2) 37. Rxh8 $18 ({Resist} 37. Rxf7 $6 dxc4 38. dxc5 (38. dxc4 cxd4+ 39. Kxd4 Rxh4+ 40. f4 Rd8+ 41. Ke4 Rd2 $16) 38... bxc5 $18) 37... Rxh8 {KR-KR} 38. Rh1 Rh5 39. f4 dxc4 40. dxc4 cxd4+ 41. Kxd4 Kc7 42. Ke4 Kc6 {[#]} (42... Kd7 {might work better.} 43. Kf3 Ke7) 43. Kf3 $1 {[%cal Rf3g4]} Kc5 44. Kg4 Rh7 45. Rb1 (45. h5 $142) 45... Rg7+ 46. Kh3 (46. Kh5 $142) 46... Kxc4 {[#]} (46... Rh7 $16) 47. Rxb6 $2 (47. h5 $1 $18) 47... Kd4 $11 {The position is equal.} 48. Rb5 Ke3 49. Rxa5 Kxf4 50. Rb5 Rg3+ 51. Kh2 {Rb4+ is the strong threat.} Ra3 52. Rb7 Kxe5 {Precision: White = 51%, Black = 52%.} 1/2-1/2

[Event "66th HUN-ch Women 2018"]
[Site "Budapest"]
[Date "2018.12.10"]
[Round "8"]
[White "Terbe, Zsuzsanna"]
[Black "Lakos, Nikoletta"]
[Result "0-1"]
[WhiteElo "2180"]
[BlackElo "2243"]
[Annotator "TA"]
[PlyCount "106"]
[EventDate "2018.12.03"]
[EventType "tourn"]
[EventCountry "HUN"]
[SourceTitle "playchess.com"]
[Source "ChessBase"]
[SourceQuality "1"]

{[%evp 20,106,45,25,51,0,62,32,39,37,25,29,39,28,38,31,39,19,30,41,76,80,63,74,70,54,58,47,57,62,49,41,54,18,69,0,41,14,40,30,59,33,34,0,0,0,3,23,1,0,0,-77,30,21,34,26,33,0,0,-44,11,0,18,-131,-118,-139,0,-20,-25,-33,-22,-69,-62,-79,-96,-141,-142,-145,-150,-141,-142,-212,-200,-226,-221,-619,-612,-702,-698]} 1. e4 d6 2. d4 Nf6 3. Nc3 e5 4. Nf3 exd4 5. Nxd4 Be7 6. g3 O-O 7. Bg2 {C41: Philidor Defence} c6 (7... Re8 8. O-O Bf8 9. h3 Nbd7 10. Re1 c5 11. Nf5 Ne5 12. Bg5 h6 13. Bxf6 Qxf6 14. Nd5 Qd8 {½-½ (32) Oparin,G (2602)-Mamedyarov,S (2799) Moscow 2017}) 8. h3 Re8 9. O-O Bf8 10. Re1 a5 11. a4 {LiveBook: 4 Games} Na6 12. b3 (12. Bf4 $14) 12... Nc5 (12... Nb4 $11) 13. Bb2 Qb6 14. Qd2 Bd7 15. Rad1 $146 Rad8 16. Kh2 Re7 17. Re2 Rde8 {[%cal Rf6e4]} 18. Rde1 Qb4 19. f3 {[%cal Bf2f3,Bf3f4][%mdl 32]} Bc8 20. Nb1 Qxd2 21. Nxd2 d5 22. e5 Nfd7 {[%cal Re7e5]} 23. f4 Nb8 24. g4 g6 25. Kg3 Bg7 26. Bf3 b6 ({Black should try} 26... Nba6 $11) 27. Bg2 (27. h4 $14) 27... Rc7 28. Re3 Ne6 29. N2f3 Bh6 30. g5 Bf8 31. R3e2 Ba6 32. Rd2 Bb4 33. c3 Bf8 34. Nh2 h5 35. gxh6 {[#]} (35. Nxe6 $11 {keeps the balance.} fxe6 36. Nf3) 35... Bxh6 ({Better is} 35... Nxf4 $1 $17 36. Ng4 (36. h7+ Kxh7 37. Ng4 Nh5+ 38. Kf2 Nd7 $19) 36... Nh5+ 37. Kf2 Kh7) 36. Nxe6 $11 fxe6 37. Ng4 Bg7 38. h4 Nd7 39. b4 Bc4 (39... Bf8 $15) 40. Bf3 Bb3 41. Bd1 {[#]} (41. Rh2 $11 {remains equal.}) 41... Bxd1 $1 $17 42. Rexd1 Bf8 (42... Ra8 $17 {Strongly threatening ...axb4.} 43. Ra1 axb4 44. cxb4 c5) 43. bxa5 bxa5 44. c4 Rb8 45. Rc2 Rb3+ 46. Kf2 Rcb7 47. Bc1 Nc5 48. Nf6+ Kf7 49. cxd5 cxd5 50. Bd2 (50. h5 $17 {was called for.}) 50... Be7 $19 ({Don't do} 50... Nxa4 51. Nh7) 51. h5 gxh5 {[%mdl 64] Overworked Piece} ({But not} 51... Nxa4 52. hxg6+ Kxg6 53. Rg1+ Kf7 54. Rh1 $17) 52. Nxh5 $2 (52. f5) 52... Ne4+ 53. Kg2 Rb2 {Accuracy: White = 24%, Black = 50%.} 0-1

[Event "66th HUN-ch Women 2018"]
[Site "Budapest"]
[Date "2018.12.10"]
[Round "8"]
[White "Juhasz, Barbara"]
[Black "Havanecz, Bianka"]
[Result "0-1"]
[WhiteElo "2176"]
[BlackElo "2247"]
[Annotator "NA RC"]
[PlyCount "54"]
[EventDate "2018.12.03"]
[EventType "tourn"]
[EventCountry "HUN"]
[SourceTitle "playchess.com"]
[Source "ChessBase"]
[SourceQuality "1"]
[TimeControl "40/5400+30:1800+30"]

{[%evp 8,53,27,0,2,0,0,6,7,-19,-14,-6,32767,-53,-61,32767,-2,-91,-129,32767,4,32767,32767,32767,32767,32767,32767,32767,32767,144,32767,32767,216,235,226,149,138,135,161,157,197,152,247,-357,-349,-331,-356,-496]} 1. e4 {[%emt 0:00:21]} e5 {[%emt 0:00:06]} 2. Nf3 {[%emt 0:00:25]} Nc6 {[%emt 0:00:07]} 3. d4 {[%emt 0:00:12]} exd4 {[%emt 0:00:07]} 4. Nxd4 {[%emt 0:00:06]} Bc5 {[%emt 0:00:33]} 5. Nb3 {[%emt 0:00:06]} Bb6 $1 {[%emt 0:00:15]} 6. Nc3 {[%emt 0:00:17]} Nf6 {[%emt 0:00:15]} 7. Bg5 {[%emt 0:00:20] LiveBook: 100 Games} a5 {[%emt 0:02:40] C45: Scotch Game} (7... h6 8. Bh4 d6 9. f3 g5 10. Bg3 Qe7 11. Qd2 Bd7 12. h4 Rg8 13. O-O-O O-O-O 14. hxg5 hxg5 15. Rh6 Be6 16. Bb5 Bxb3 17. axb3 {1-0 (41) Navara,D (2726)-Malakhov,V (2691) Antalya 2017}) 8. a4 {[%emt 0:12:13]} d6 {[%emt 0:04:09]} 9. Bd3 {[%emt 0:12:57]} Nb4 $146 {[%emt 0:03:27]} ({Predecessor:} 9... Be6 10. O-O Ne5 11. Bb5+ c6 12. Be2 Bxb3 13. cxb3 Bc5 14. Kh1 h6 15. Bh4 Ng6 {½-½ (56) Nowicka,J (1298)-Janiak,I (1142) Ustron 2015}) 10. O-O {[%emt 0:05:57]} h6 {[%emt 0:01:44]} 11. Bh4 {[%emt 0:03:49] [#]} Be6 {[%emt 0:03:37]} (11... g5 $1 $17 {[%cal Rg5h4]} 12. Bg3 O-O) 12. Qe2 {[%emt 0:20:58] [#]} (12. Nd5 $11 {remains equal.}) 12... g5 $1 {[%emt 0:22:51]} 13. Bg3 {[%emt 0:00:05]} Bg4 {[%emt 0:02:59]} ({But not} 13... Nxd3 $6 14. Qxd3 O-O 15. Nd4 $11) (13... h5 $17 14. h4 Nd7) 14. Qd2 {[%emt 0:00:21]} O-O {[%emt 0:09:43]} 15. Kh1 {[%emt 0:09:42]} Nxd3 {[%emt 0:02:55]} 16. Qxd3 {[%emt 0:01:30]} Qd7 {[%emt 0:04:02]} 17. f4 {[%emt 0:00:58]} Kg7 {[%emt 0:04:57]} 18. fxg5 {[%emt 0:01:45]} hxg5 {[%emt 0:00:06]} 19. Nd4 {[%emt 0:03:26]} Rh8 {[%emt 0:04:05]} (19... Rae8 $16) 20. Nf5+ {[%emt 0:12:39]} Kg8 {[%emt 0:03:42]} 21. Nxd6 {[%emt 0:06:49]} Nh5 {[%emt 0:00:06]} 22. Nd5 {[%emt 0:00:16]} Be2 {[%emt 0:03:06]} 23. Nf6+ {[%emt 0:01:34]} Nxf6 {[%emt 0:00:06]} 24. Qxe2 {[%emt 0:00:03]} Nh5 {[%emt 0:00:13]} (24... Qe6 $16) 25. Nf5 $4 {[%emt 0:00:56] [#]} (25. Be5 $18 {was the only winning move.} f6 26. Qc4+ Kh7 27. Rad1 (27. Nxb7 $2 fxe5 28. Qb3 Rhf8 $19)) 25... Qxf5 $1 {[%emt 0:00:28]} 26. Ra3 {[%emt 0:02:43]} Qg6 {[%emt 0:03:28]} 27. Qg4 $19 {[%emt 0:02:17]} Nf6 {[%emt 0:03:35]} 0-1

[Event "66th HUN-ch Women 2018"]
[Site "Budapest"]
[Date "2018.12.10"]
[Round "8"]
[White "Egyed, Judit"]
[Black "Erdos, Boglarka"]
[Result "1/2-1/2"]
[WhiteElo "2045"]
[BlackElo "2137"]
[Annotator "TA"]
[PlyCount "165"]
[EventDate "2018.12.03"]
[EventType "tourn"]
[EventCountry "HUN"]
[SourceTitle "playchess.com"]
[Source "ChessBase"]
[SourceQuality "1"]

{[%evp 31,165,93,91,76,93,66,91,91,85,58,75,47,70,41,50,38,41,38,43,44,62,48,58,43,56,17,10,24,22,0,0,0,0,-31,0,0,0,0,0,0,0,-6,-12,-11,0,-20,-15,-25,0,-39,0,0,0,0,0,0,51,23,27,32,32,32,32,30,32,32,32,32,48,0,0,0,0,0,0,0,70,0,0,8,256,115,115,104,119,117,1077,1030,925,829,1359,1260,1355,1295,1378,1316,1299,1241,1285,1234,1170,692,1885,1612,5409,5397,9808,9222,29979,8,452,466,456,0,0,0,0,0,0,0,0,0,0,0,0,0,0,0,0,0,0,0,0,0,0,0]} 1. e4 e5 2. Nf3 Nc6 3. Bb5 a6 4. Ba4 Nf6 5. O-O Be7 6. Re1 b5 7. Bb3 d6 8. c3 O-O 9. h3 Bb7 10. d4 h6 11. Nbd2 Re8 12. Nf1 Bf8 13. Ng3 Na5 14. Bc2 c5 15. d5 g6 {C93: Closed Ruy Lopez: Smyslov Variation} (15... Nc4 16. b3 Nb6 17. Be3 g6 18. Qd2 Kh7 19. Nh2 a5 20. Bd3 b4 21. Bb5 Nbd7 22. a3 bxc3 23. Qxc3 {1-0 (50) Balogh,C (2616)-Melkumyan,H (2541) Kallithea 2008}) 16. b3 Bc8 {LiveBook: 3 Games} 17. Be3 Bg7 {White is better.} 18. Nh2 Kh7 19. Qd2 Nb7 20. f3 $146 ({Predecessor:} 20. Bd3 Qe7 21. a4 Bd7 22. a5 Qf8 23. b4 Nxe4 24. Nxe4 {1-0 (52) Mendoza,R (2328)-Ruiz,E (2161) San Andres Islas 2008}) 20... Ng8 21. Ng4 Rf8 22. Qd3 h5 23. Nf2 Bh6 24. Qd2 Qh4 25. Ne2 Bxe3 26. Qxe3 Nh6 27. f4 exf4 28. Qxf4 Qxf4 29. Nxf4 Kg7 30. Re3 Bd7 31. Rae1 Rae8 32. Bd1 Bc8 33. N2d3 Ng8 34. Bf3 Nf6 35. e5 dxe5 36. Rxe5 Rxe5 37. Rxe5 Re8 (37... Nd7 {looks sharper.} 38. Re3 Kf6 39. Nb2 Nd6 40. c4 Re8) 38. Rxe8 Nxe8 39. Kf2 Ned6 40. g4 h4 41. Ne5 Kf6 42. Nc6 Kg5 43. Ke3 Ne8 (43... Bf5 $11) 44. Nd3 f5 {[%cal Rf5g4]} 45. Ne7 fxg4 46. Nxc8 gxf3 47. Kxf3 $14 {[%mdl 4096] Endgame KNN-KNN} c4 48. bxc4 bxc4 49. Nb4 Nf6 {White should prevent ...a5.} 50. Ne7 a5 51. Nbc6 Nd7 52. Ke3 Kf6 53. Ng8+ Kf5 ({Black should try} 53... Kg7 $11 54. Nge7 Kf6) 54. Nh6+ ({White should play} 54. Nd4+ $1 $14 Ke5 55. Nf3+ Kxd5 56. Nxh4) 54... Kg5 $11 55. Ng4 {next Nd4 is good for White.} a4 $2 {[#]} (55... Nf6 $11 56. Nxf6 Kxf6) 56. Nce5 (56. Nd4 $1 $18 {is the precise move to win.}) 56... Nxe5 $16 57. Nxe5 {KN-KN} Nd6 58. Kd4 Kf5 $2 {[%mdl 8192]} (58... Kf6 $16) 59. Nxc4 $18 Nb5+ 60. Kd3 g5 61. Ne3+ Ke5 62. c4 Nc7 63. Ng4+ Kd6 64. Kd4 Na6 65. Nf2 Nb4 66. Ne4+ Kc7 67. Nxg5 Nxa2 68. Ne6+ Kc8 69. Nc5 a3 {[#]} 70. Nb3 $2 (70. Nd3 $1 {mates} Kc7 71. c5 Kd7 72. Kc4 Nc1 73. Nxc1 Kc7 74. d6+ Kc6 75. Kd4) 70... Kc7 $2 {[%mdl 8192]} (70... Kd7 $11 {and Black stays safe.}) 71. c5 Nb4 72. d6+ $2 (72. Kc4 $18 Na6 73. Nc1) 72... Kc6 $11 {The position is equal.} 73. Na5+ Kd7 {White must now prevent ...Nc6+.} 74. Kc3 Na6 75. Kc4 a2 76. Nb3 Kc6 77. Nd4+ Kd7 78. Nc2 Kc6 79. Nd4+ Kd7 80. Nb3 Kc6 {And now ...Nxc5! would win.} 81. Na5+ Kd7 82. Nb3 Kc6 {Threatens to win with ...Nxc5!} 83. Nd4+ {Accuracy: White = 48%, Black = 42%.} 1/2-1/2

[Event "66th HUN-ch Women 2018"]
[Site "Budapest"]
[Date "2018.12.11"]
[Round "9"]
[White "Havanecz, Bianka"]
[Black "Terbe, Zsuzsanna"]
[Result "0-1"]
[WhiteElo "2247"]
[BlackElo "2180"]
[Annotator "TA"]
[PlyCount "150"]
[EventDate "2018.12.03"]
[EventType "tourn"]
[EventCountry "HUN"]
[SourceTitle "playchess.com"]
[Source "ChessBase"]
[SourceQuality "1"]

{[%evp 21,150,7,16,3,1,-48,-50,-81,-70,-83,-98,-86,-64,-85,-81,-76,-54,-76,-76,-89,-64,-64,-45,-125,-75,-84,-75,-85,-51,-62,-60,-54,-17,-23,-9,-4,-2,-6,-6,-36,-30,-31,-19,-17,-30,-43,0,-26,-19,-28,-21,-34,-11,-40,-14,-19,-19,-38,-27,-106,-112,-109,-104,-101,-90,-107,-107,-199,-199,-199,-199,-199,-199,-219,-198,-202,-198,-225,-225,-225,-225,-225,-225,-225,-225,-225,-225,-226,-226,-9483,-1257,-29966,-29967,-29967,-29965,-29968,-29969,-29967,-29972,-29970,-29972,-29972,-29972,-29972,-29972,-29982,-29983,-29983,-29980,-29984,-29983,-29991,-29979,-29979,-29979,-29979,-29980,-29980,-29980,-29980,-29980,-29981,-29982,-29985,-29985,-29987,-29988,-29990,-29987,-29989,-29988]} 1. d4 d5 2. c4 c6 3. Nf3 Nf6 4. Nc3 dxc4 5. a4 Bf5 6. e3 e6 7. Bxc4 Bb4 8. O-O Nbd7 9. Qe2 Bg6 10. h3 O-O 11. Rd1 Qe7 {LiveBook: 19 Games. D19: Slav Defence: 5 a4 Bf5 6 e3: Main line with 9 Qe2} 12. Bd2 a5 13. Ne1 $146 ({Predecessor:} 13. Ne5 Nxe5 14. dxe5 Nd7 15. f4 Rfd8 16. Be1 Nc5 17. Rxd8+ Rxd8 18. Rd1 Rxd1 19. Qxd1 {0-1 (45) Nazaretyan,T (2301)-Ragger,M (2687) Minsk 2015}) 13... e5 {Black is slightly better.} 14. d5 e4 15. dxc6 bxc6 16. Nb1 Bd6 {[%cal Bb4d6,Bd6c7,Bc7g3][%mdl 32]} 17. Bc3 Ne5 18. Nd2 Bc7 19. f4 exf3 $1 20. Nexf3 Nxf3+ 21. Nxf3 Rfe8 22. Re1 (22. Nh4 $15) 22... Bg3 23. Bxf6 Qxf6 24. Rf1 Bf4 25. Ra3 {Threatens to win with Ne1.} Bd6 26. Rc3 Qe7 27. Bd3 Bc5 28. Bxg6 hxg6 29. Kh1 Bxe3 30. Rxc6 Qb4 31. Rc4 Qb6 32. Qc2 Rab8 33. Re4 Qc5 34. Rc4 Qd6 35. Rd1 Qf6 36. b3 Bf4 37. Rb1 Bd6 38. Rc6 Qe7 39. Rd1 Bg3 40. Rc5 {[#]} (40. Rc3 $11) 40... Rxb3 $1 $17 {[%mdl 512]} 41. Rxa5 (41. Qxb3 Qxc5) 41... Re3 $1 {[%cal Re3e1]} 42. Qd2 Re2 43. Qc3 Qe4 {aiming for ...Re3.} 44. Rg5 {[#]} (44. Rad5 $17 {keeps fighting.}) 44... Re3 $1 $19 {[%cal Re3c3]} ({Don't do} 44... Qxa4 45. Rgd5 $17) 45. Qxe3 Qxe3 46. Rxg3 {intending Re1.} Qb3 47. Rd4 f6 48. Kh2 Qb8 49. Rdg4 g5 50. h4 {[#]} Kf7 $1 51. hxg5 Rh8+ 52. Rh4 Rxh4+ 53. Nxh4 fxg5 {[%cal Bf6g5,Bg5g4][%mdl 4128] Endgame KQ-KRN} 54. Nf3 g4 $1 {[%cal Rg4f3]} 55. Nd2 $2 (55. Ne1) 55... Qf4 56. Nf1 Qxf1 {Black mates.} 57. Rxg4 {KQ-KR} Qf5 58. Rg3 Qf4 59. a5 g5 60. a6 Kg6 61. a7 Qa4 62. Rf3 Qxa7 63. Rf8 Qc7+ 64. Kh1 Qc4 65. Rf2 Kh5 66. Rf3 Kg4 67. Kh2 Qc7+ 68. Kg1 Qc6 69. Kf2 Qc5+ 70. Kf1 Qd4 71. Rh3 Kf5 72. Rh7 g4 73. g3 Ke4 74. Rb7 Qd3+ 75. Kg2 Qc2+ {Accuracy: White = 46%, Black = 54%.} 0-1

[Event "66th HUN-ch Women 2018"]
[Site "Budapest"]
[Date "2018.12.11"]
[Round "9"]
[White "Lakos, Nikoletta"]
[Black "Terbe, Julianna"]
[Result "1/2-1/2"]
[WhiteElo "2243"]
[BlackElo "2272"]
[Annotator "TA"]
[PlyCount "90"]
[EventDate "2018.12.03"]
[EventType "tourn"]
[EventCountry "HUN"]
[SourceTitle "playchess.com"]
[Source "ChessBase"]
[SourceQuality "1"]

{[%evp 11,90,47,55,54,69,64,62,28,18,11,35,0,24,0,31,16,35,7,20,13,31,0,22,-12,0,0,0,-12,-12,-12,-12,-12,-12,-18,-41,-54,-40,-54,-45,-45,-45,-41,-47,-47,-47,-47,-47,-47,-18,-19,-12,-12,0,-12,9,-12,4,0,91,127,100,0,0,0,0,0,0,0,0,0,0,0,0,0,0,0,0,0,0,0,0]} 1. e4 c5 2. Nf3 Nc6 3. Bb5 Qc7 4. O-O a6 5. Bxc6 dxc6 6. a4 {B30: Sicilian: 2...Nc6 3 Bb5, lines without ...g6} a5 {LiveBook: 9 Games} 7. Na3 e5 8. Nc4 {White is slightly better.} f6 9. Nh4 Be6 10. d3 O-O-O 11. b3 g5 12. Nf5 (12. Nf3 {keeps more tension.} Kb8 13. Qe1 b6 14. Bd2 Re8 15. Bc3) 12... Bxf5 $146 (12... h5 {feels hotter.} 13. Bd2 b6 14. Qe1 Bxf5 15. exf5 Ne7) ({Predecessor:} 12... Ne7 13. Nfe3 Ng6 {0-1 (56) Fedorchuk,S (2645)-Recuero Guerra,D (2407) Benidorm 2007}) 13. exf5 Ne7 14. Be3 Nd5 15. Qh5 Rg8 16. h3 b6 17. Bd2 Kb7 18. g3 Qd7 19. Ne3 (19. g4 {is interesting.} Rg7 20. Kg2 Bd6 21. Rfe1 Bc7 22. Qh6) 19... Rg7 20. Qf3 Qe8 21. Qe4 h5 22. Kh2 g4 23. h4 Nb4 24. Bc3 Rgd7 25. Rae1 Bh6 26. Re2 Qg8 27. Nc4 Qh7 28. Ne3 Nd5 29. Bb2 Nc7 {[%cal Bd5c7,Bc7e8,Be8g7][%mdl 32]} 30. Nc4 Ne8 31. Bc3 Rd5 32. Bb2 Qd7 33. Bc3 Ng7 34. Ne3 Rd4 (34... Rd6 $11 {remains equal.}) 35. Bxd4 $16 exd4 {[#]} 36. Nc4 (36. Nxg4 $1 $16 hxg4 37. Qxg4) 36... Re8 $11 {The position is equal.} 37. Qxe8 $1 Nxe8 {[#]} 38. Rxe8 $1 {[%mdl 512] Strongly threatening Rfe1.} b5 $1 {[%cal Rb5c4]} (38... Qxe8 39. Nd6+) 39. Rfe1 ({Much weaker is} 39. Nxa5+ Kb6 $17) 39... Be3 $1 ({Don't blunder} 39... bxc4 $2 40. R1e7 $18) 40. fxe3 bxc4 41. exd4 {Intending R1e7 and mate.} Qxf5 {KQ-KRR} 42. R1e7+ Kb6 {White must now prevent ...Qf2+.} 43. Rb8+ Ka6 {Hoping for ...Qf2+.} 44. Ra8+ Kb6 45. Rb8+ Ka6 {Accuracy: White = 54%, Black = 53%.} 1/2-1/2

[Event "66th HUN-ch Women 2018"]
[Site "Budapest"]
[Date "2018.12.11"]
[Round "9"]
[White "Varga, Klara"]
[Black "Juhasz, Barbara"]
[Result "1-0"]
[WhiteElo "2242"]
[BlackElo "2176"]
[Annotator "TA"]
[PlyCount "85"]
[EventDate "2018.12.03"]
[EventType "tourn"]
[EventCountry "HUN"]
[SourceTitle "playchess.com"]
[Source "ChessBase"]
[SourceQuality "1"]

{[%evp 23,85,21,16,5,22,-4,21,0,80,49,25,39,77,25,33,34,26,36,90,16,11,4,15,0,0,0,49,0,111,111,103,103,312,299,296,297,295,296,298,281,342,314,403,397,362,389,825,826,773,729,1075,1006,1233,1154,29953,11187,2325,1018,5608,5258,29983,29984,29985,29986]} 1. c4 Nf6 2. Nc3 g6 3. g3 Bg7 4. Bg2 O-O 5. e4 d6 6. Nge2 c5 7. O-O Nc6 8. d3 Ne8 9. Be3 Nd4 10. Qd2 Nc7 {A36: Symmetrical English vs ...g6: 4 Bg2 Bg7} 11. f4 (11. Bh6 Bxh6 12. Qxh6 e5 13. f4 Bg4 14. Rae1 Nc2 15. Rc1 Nd4 16. Nxd4 cxd4 17. Nd1 Bxd1 18. Rcxd1 {½-½ (53) Medvegy,Z (2539)-Gledura,B (2613) Budapest 2017}) 11... f5 12. Rae1 Rb8 {LiveBook: 3 Games. The position is equal.} 13. b4 b6 14. h3 $146 ({Predecessor:} 14. a3 Bb7 15. h3 Qd7 16. Kh2 e5 17. Ng1 fxe4 18. Nxe4 {½-½ (58) Gazik,V (2486)-Triapishko,A (2508) Porto Carras 2018}) 14... a6 15. a4 (15. Nd5 {with more complications.} e6 16. Nxc7 Qxc7 17. Bxd4 cxd4 18. exf5 Rxf5 19. a4) 15... b5 (15... Nxe2+ $11 {keeps the balance.} 16. Nxe2 fxe4) 16. axb5 (16. bxc5 {feels hotter.} dxc5 17. axb5 axb5 18. e5 Be6 19. Bxd4 cxd4 20. Nxb5 Nxb5 21. cxb5 Rxb5 22. Rb1) 16... axb5 17. bxc5 dxc5 18. cxb5 ({Better is} 18. e5 $16) 18... Ncxb5 19. Nxb5 Rxb5 20. e5 Bb7 (20... Nb3 $14 21. Qc2 Be6) 21. Nc3 (21. Bxb7 $16 Rxb7 22. Bxd4 cxd4 23. Qa2+ Kh8 24. Rb1 Rxb1 25. Rxb1) 21... Bxg2 22. Qxg2 Rb3 23. Rc1 e6 24. Rfd1 Qa5 {[#]} 25. Nd5 $1 {[%mdl 512]} Qa3 (25... Qa4 $11) (25... exd5 26. Qxd5+) 26. Ra1 $16 Qb2 {White must now prevent ...Qxg2+.} 27. Qxb2 Nf3+ $2 (27... Rxb2 $16 28. Ne7+ Kh8) 28. Kf2 Rxb2+ 29. Kxf3 exd5 30. Bxc5 Rc8 31. Rdc1 Rb3 32. Ke3 g5 33. Bd6 gxf4+ 34. gxf4 Re8 $2 (34... Rxc1 35. Rxc1 Rb6 36. Rc8+ Kf7) 35. Ra7 $18 {[#] Rg1 would kill now.} Bh6 36. Rcc7 d4+ 37. Kxd4 Rd8 38. Rxh7 Bf8 39. Kc4 Rb1 40. Kd5 Rb5+ 41. Kc6 Rb1 42. Bxf8 Rc1+ 43. Bc5 {Accuracy: White = 55%, Black = 23%.} 1-0